[Event "SR 1. liga zapad 2011/2012"]
[Site "?"]
[Date "2011.11.13"]
[Round "4.6"]
[White "Gasa, Andrej"]
[Black "Valent, Ivan"]
[Result "1/2-1/2"]
[WhiteElo "2257"]
[BlackElo "2227"]
[PlyCount "91"]
[EventDate "2011.??.??"]

1. e4 c5 2. Nf3 Nc6 3. d4 cxd4 4. Nxd4 e5 5. Nb5 d6 6. c4 Be6 7. Be2 Be7 8.
N1c3 a6 9. Na3 Rc8 10. Nc2 Nf6 11. b3 O-O 12. O-O Ne8 13. Bf3 Bg5 14. Bb2 Qd7
15. Nd5 Bxd5 16. Qxd5 b5 17. Qd1 Nf6 18. Na3 b4 19. Nc2 a5 20. Qe2 Rfd8 21.
Rad1 Qa7 22. Rd3 a4 23. Rfd1 axb3 24. axb3 Ne8 25. Ra1 Qb6 26. g3 Ra8 27. Rdd1
Na5 28. Qd3 Nb7 29. Ne1 Nc7 30. h4 Nc5 31. Qc2 Bh6 32. Nd3 Rxa1 33. Rxa1 N7e6
34. Bg2 g6 35. Nxc5 Nxc5 36. Qd1 Qb7 37. Bxe5 Nxb3 38. Rb1 Nd2 39. Bf6 Rc8 40.
Ra1 b3 41. e5 Qb4 42. Qg4 Qxc4 43. Qxc4 Nxc4 44. exd6 Nxd6 45. Bd5 Ne8 46. Bb2
1/2-1/2

[Event "SR 1. liga zapad 2011/2012"]
[Site "?"]
[Date "2011.11.13"]
[Round "4.6"]
[White "Kovac, Andrej"]
[Black "Hecko, Dusan"]
[Result "0-1"]
[WhiteElo "2154"]
[BlackElo "2123"]
[Annotator "Hecko"]
[PlyCount "104"]
[EventDate "2011.??.??"]

{A55: Old Indian Defence with Nf3 and e4} 1. d4 Nf6 2. c4 d6 3. Nf3 Nbd7 4. g3
e5 5. Bg2 Be7 6. O-O O-O 7. Nc3 c6 8. h3 Qc7 9. e4 Rd8 ({kniz. Fritz} 9... Re8
10. Be3 Nf8 11. Rc1 Ng6) 10. Qc2 Nf8 11. Re1 Bd7 12. Be3 b6 13. Rad1 Rac8 14.
Rd2 Ng6 15. Red1 b5 16. cxb5 cxb5 $14 17. Qb1 Bc6 (17... b4 18. Nd5 Nxd5 19.
exd5 $15) 18. d5 (18. b4 Qb7 19. d5 Bd7 $11) 18... Bd7 19. a3 Qb7 (19... a5 20.
Ne1 $15) 20. Na2 Rc7 21. Rc2 $11 Rxc2 22. Qxc2 Rc8 23. Qd3 Bd8 24. Rc1 Rxc1+
25. Bxc1 Bb6 26. Be3 Ne7 27. b4 Ne8 28. Nd2 Bxe3 29. Qxe3 f5 30. exf5 Nxf5 31.
Qg5 Nf6 32. Nc3 h6 33. Qg6 Ne7 {Increasing the pressure on the isolated pawn
on d5. Black threatens to win material: Ne7xg6} 34. Qd3 a6 35. Nde4 Nxe4 36.
Nxe4 Qc7 37. Qc3 Qxc3 $15 38. Nxc3 Kf7 39. Ne4 Nc8 40. Kf1 Ke7 $17 41. Ke1 Nb6
42. Nc3 Nc4 43. a4 bxa4 44. Bf1 Nb6 45. Bxa6 Bxh3 $19 46. Kd2 Bg2 47. Bb7 Bf1
48. Bc6 a3 49. Kc2 Bc4 50. Nb5 Bxb5 51. Bxb5 Nxd5 52. Kb3 a2 $1 0-1

[Event "SR 1. liga zapad 2011/2012"]
[Site "?"]
[Date "2011.11.13"]
[Round "4.6"]
[White "Meszaros, Michal"]
[Black "Havlicek, Libor"]
[Result "1-0"]
[WhiteElo "2377"]
[BlackElo "2304"]
[PlyCount "51"]
[EventDate "2011.??.??"]

1. e4 c5 2. Nf3 d6 3. d4 cxd4 4. Nxd4 Nf6 5. Nc3 a6 6. Be3 Ng4 7. Bc1 Nf6 8. h3
Qc7 9. g4 e5 10. Nde2 Be6 11. Bg2 Be7 12. Ng3 O-O 13. Nf5 Re8 14. Bg5 Nbd7 15.
Nxe7+ Rxe7 16. O-O h6 17. Be3 g5 18. Qd2 Nb6 19. Bxg5 Nc4 20. Qc1 hxg5 21.
Qxg5+ Kh7 22. Qxf6 Rg8 23. Nd5 Bxd5 24. exd5 Nd2 25. Qh4+ Kg6 26. Qh5+ 1-0

[Event "SR 1. liga zapad 2011/2012"]
[Site "?"]
[Date "2011.11.13"]
[Round "4.6"]
[White "Polasek, Filip"]
[Black "Hacik, Radomir"]
[Result "0-1"]
[WhiteElo "2123"]
[BlackElo "2158"]
[PlyCount "68"]
[EventDate "2011.??.??"]

1. e4 d6 2. Nf3 Nf6 3. Nc3 g6 4. d4 Bg7 5. h3 O-O 6. Be3 e5 7. dxe5 dxe5 8. Bc4
Qe7 9. O-O c6 10. Qe2 b5 11. Bb3 a5 12. a3 Ba6 13. Nd1 Nxe4 14. Bb6 Nc5 15.
Bxc5 Qxc5 16. Re1 Nd7 17. Ng5 Qe7 18. Ne4 Nb6 19. Ne3 a4 20. Ba2 b4 21. Qf3
bxa3 22. bxa3 Kh8 23. Rad1 Qxa3 24. Bxf7 Qe7 25. Nd6 Nc8 26. Qxc6 Nxd6 27. Bxg6
hxg6 28. Rxd6 Bb7 29. Qb6 Ra6 30. Qxa6 Bxa6 31. Rxa6 Qb4 32. Ra1 e4 33. R1xa4
Qe1+ 34. Kh2 Be5+ 0-1

[Event "SR 1. liga zapad 2011/2012"]
[Site "?"]
[Date "2011.11.13"]
[Round "4.6"]
[White "Sosovicka, Juraj"]
[Black "Bury, Rastislav"]
[Result "1/2-1/2"]
[WhiteElo "2198"]
[BlackElo "2173"]
[PlyCount "34"]
[EventDate "2011.??.??"]

1. e4 c5 2. Nf3 d6 3. d4 cxd4 4. Nxd4 Nf6 5. Nc3 a6 6. Be2 e5 7. Nb3 Be6 8. O-O
d5 9. f4 Nxe4 10. Nxe4 dxe4 11. Qxd8+ Kxd8 12. fxe5 Nc6 13. Bg5+ Be7 14. Rad1+
Ke8 15. Bxe7 Kxe7 16. Nc5 Nxe5 17. Nxe4 Rac8 1/2-1/2

[Event "SR 1. liga zapad 2011/2012"]
[Site "?"]
[Date "2011.12.10"]
[Round "5.1"]
[White "Dobrotka, Martin"]
[Black "Ondrus, Martin"]
[Result "1-0"]
[WhiteElo "2259"]
[BlackElo "2301"]
[PlyCount "81"]
[EventDate "2011.??.??"]

1. Nf3 d5 2. d4 Nf6 3. c4 c6 4. e3 e6 5. Nc3 Nbd7 6. Be2 Bd6 7. O-O O-O 8. Qc2
dxc4 9. Bxc4 a6 10. Rd1 Qc7 11. Ne4 Nxe4 12. Qxe4 e5 13. Qd3 Nf6 14. dxe5 Bxe5
15. Nxe5 Qxe5 16. Qd4 Qxd4 17. Rxd4 Be6 18. Bxe6 fxe6 19. Bd2 c5 20. Rh4 Rfd8
21. Ba5 Rd5 22. Kf1 b5 23. Ke2 Kf7 24. f3 h6 25. Rc1 Rc8 26. e4 Rd7 27. g4 e5
28. Bb6 b4 29. Rxc5 Rxc5 30. Bxc5 Rc7 31. Bxb4 Rc2+ 32. Kd3 Rxb2 33. Bc3 Rf2
34. Rh3 Ke6 35. a4 Ra2 36. a5 Kd6 37. Kc4 Rf2 38. Bb4+ Kc6 39. Bf8 Ne8 40. Bxg7
Nxg7 41. Rxh6+ 1-0

[Event "SR 1. liga zapad 2011/2012"]
[Site "?"]
[Date "2011.12.10"]
[Round "5.1"]
[White "Gazik, Viktor"]
[Black "Skreno, Vladimir"]
[Result "0-1"]
[WhiteElo "1977"]
[BlackElo "2178"]
[PlyCount "136"]
[EventDate "2011.??.??"]

1. e4 c5 2. Nf3 Nc6 3. d4 cxd4 4. Nxd4 e5 5. Nb5 a6 6. Nd6+ Bxd6 7. Qxd6 Qf6 8.
Qxf6 Nxf6 9. Nc3 d5 10. exd5 Nb4 11. Bd3 Nfxd5 12. Nxd5 Nxd5 13. O-O O-O 14. f4
Nxf4 15. Bxf4 exf4 16. Rxf4 Be6 17. Be4 Rab8 18. a4 a5 19. b4 b6 20. h4 Rfd8
21. Rb1 Rbc8 22. bxa5 bxa5 23. Bd3 Rc5 24. Rb5 Rdc8 25. Re4 g6 26. Re5 Rc3 27.
Rxa5 Bc4 28. Rac5 Bxd3 29. Rxc8+ Rxc8 30. cxd3 Rd8 31. Re3 Rd4 32. a5 Ra4 33.
Re5 Ra3 34. Rd5 Ra2 35. Kh2 Kf8 36. Kg3 Ke7 37. Kf3 Ke6 38. Rb5 h5 39. g3 Ra4
40. Ke3 Rg4 41. Rg5 Ra4 42. d4 Ra3+ 43. Ke4 f5+ 44. Kf4 Kf6 45. a6 Rd3 46. d5
Rd4+ 47. Ke3 Rxd5 48. Kf3 Rd3+ 49. Kf4 Ra3 50. a7 Rxa7 51. Kf3 Ra3+ 52. Kf2 Rb3
53. Kg2 Rb6 54. Kf3 Re6 55. Kf4 Rc6 56. Kf3 Rc2 57. Ke3 Rc4 58. Kf3 Re4 59. Kf2
Rg4 60. Rxg4 hxg4 61. Ke2 g5 62. hxg5+ Kxg5 63. Ke3 Kf6 64. Kf4 Ke6 65. Kg5 Ke5
66. Kh5 Ke4 67. Kg5 Kf3 68. Kh4 f4 0-1

[Event "SR 1. liga zapad 2011/2012"]
[Site "?"]
[Date "2011.12.10"]
[Round "5.1"]
[White "Gazikova, Veronika"]
[Black "Jancovic, Peter"]
[Result "0-1"]
[WhiteElo "1897"]
[BlackElo "2149"]
[PlyCount "96"]
[EventDate "2011.??.??"]

1. e4 c5 2. Nf3 d6 3. d4 cxd4 4. Nxd4 Nf6 5. Nc3 a6 6. Be3 e5 7. Nb3 Be6 8. Qd2
Be7 9. O-O-O Ng4 10. Kb1 Nd7 11. h3 Nxe3 12. fxe3 O-O 13. Nd5 Bxd5 14. Qxd5 Qc7
15. g4 a5 16. Bb5 a4 17. Nd2 Ra5 18. a3 Nf6 19. Qd3 Qc5 20. c4 Ne8 21. Bxe8
Rxe8 22. h4 Qc8 23. g5 Qe6 24. Ka1 Rc5 25. Rc1 Rb8 26. Rhd1 Bf8 27. Nf1 Qg4 28.
Nd2 Qxh4 29. Rg1 b5 30. Rcf1 bxc4 31. Qc3 Qh3 32. Rf5 g6 33. Rf3 Qe6 34. Rh1
Bg7 35. Rfh3 Qg4 36. Rxh7 Qxg5 37. Nb1 Qg2 38. R1h2 Qxe4 39. Qd2 Rd5 40. Qe1
Rd3 41. R2h3 Qg2 42. Rh2 Qg4 43. Qh1 Rd1 44. Rh8+ Bxh8 45. Rxh8+ Kg7 46. Qh6+
Kf6 47. Rxb8 Qe4 48. Qh8+ Kg5 0-1

[Event "SR 1. liga zapad 2011/2012"]
[Site "?"]
[Date "2011.12.10"]
[Round "5.1"]
[White "Gorusa, Miroslav"]
[Black "Lakatos, Vladimir"]
[Result "1/2-1/2"]
[WhiteElo "2213"]
[BlackElo "2176"]
[PlyCount "84"]
[EventDate "2011.??.??"]

1. d4 Nf6 2. c4 c5 3. d5 b5 4. cxb5 a6 5. b6 Qxb6 6. Nc3 d6 7. e4 g6 8. Be2 Bg7
9. Nf3 Nbd7 10. O-O O-O 11. Nd2 Bb7 12. a4 Qc7 13. a5 Rfd8 14. Nc4 Rab8 15. f4
Ne8 16. Qc2 e6 17. dxe6 fxe6 18. Bg4 Nf8 19. Nb6 Qe7 20. Bd2 Nf6 21. Bf3 N8d7
22. Nca4 Nxb6 23. Nxb6 Nd7 24. Nxd7 Rxd7 25. Bc3 Bc6 26. Rfd1 Bxc3 27. bxc3 Qf7
28. Bg4 d5 29. exd5 Rxd5 30. Re1 Rd6 31. g3 Qf6 32. Re5 c4 33. Qe2 Bd5 34. Re1
Kf7 35. Qe3 Rb2 36. Bf3 Bxf3 37. Qxf3 Rdd2 38. h4 Qe7 39. Qc6 Qa7+ 40. Rc5 Rg2+
41. Kh1 Rh2+ 42. Kg1 Rhg2+ 1/2-1/2

[Event "SR 1. liga zapad 2011/2012"]
[Site "?"]
[Date "2011.12.10"]
[Round "5.1"]
[White "Hagara, Eduard"]
[Black "Csiba, Dominik"]
[Result "1-0"]
[WhiteElo "2388"]
[BlackElo "2357"]
[PlyCount "147"]
[EventDate "2011.??.??"]

1. d4 Nf6 2. Nf3 g6 3. c4 Bg7 4. Nc3 d5 5. e3 O-O 6. Qb3 e6 7. Bd2 Nc6 8. cxd5
exd5 9. g3 Ne4 10. Bg2 Be6 11. O-O g5 12. Rad1 Re8 13. Bc1 Na5 14. Qa4 c6 15.
Ne1 Nxc3 16. bxc3 Bg4 17. f3 Bh5 18. Nd3 Nc4 19. Rde1 Bg6 20. Nf2 b5 21. Qb3
Re6 22. e4 Qe7 23. Rd1 a6 24. Bh3 Rd6 25. Rde1 Qf8 26. e5 Rdd8 27. Bxg5 f6 28.
exf6 Bxf6 29. Bxf6 Qxf6 30. Ng4 Qg7 31. Qd1 Re8 32. Rxe8+ Rxe8 33. Re1 Re7 34.
f4 b4 35. Rxe7 Qxe7 36. cxb4 Qxb4 37. f5 Nb2 38. Qe2 Qxd4+ 39. Kg2 Bf7 40. Nh6+
Kg7 41. Nxf7 Kxf7 42. Qe6+ Kg7 43. Qe7+ Kh6 44. Qf8+ Kg5 45. Qg8+ Kh6 46. Qe6+
Kg5 47. Qe7+ Kh6 48. f6 Qd2+ 49. Kf3 Qd1+ 50. Kf4 Nd3+ 51. Kf5 Qh5+ 52. Ke6
Qxh3+ 53. Kd6 Qc8 54. f7 Qb8+ 55. Ke6 Qe5+ 56. Kd7 Nc5+ 57. Qxc5 Qf5+ 58. Ke7
Qe5+ 59. Kd8 Qb8+ 60. Kd7 Kg7 61. Kxc6 Qc8+ 62. Kxd5 Qf5+ 63. Kc6 Qe6+ 64. Kb7
Qd7+ 65. Kxa6 Qe6+ 66. Kb5 Qe2+ 67. Qc4 Qe5+ 68. Kc6 Qf6+ 69. Kd7 Qf5+ 70. Kd8
Qf6+ 71. Kc8 Qf5+ 72. Kb8 Qe5+ 73. Ka8 Qd6 74. Qg4+ 1-0

[Event "SR 1. liga zapad 2011/2012"]
[Site "?"]
[Date "2011.12.10"]
[Round "5.1"]
[White "Hanko, Pavol"]
[Black "Debnar, Lubos"]
[Result "0-1"]
[WhiteElo "2138"]
[BlackElo "2266"]
[PlyCount "50"]
[EventDate "2011.??.??"]

1. d4 Nf6 2. Nf3 e6 3. c4 b6 4. g3 Ba6 5. b3 Bb4+ 6. Bd2 Be7 7. Bg2 c6 8. Nc3
d5 9. O-O O-O 10. cxd5 cxd5 11. Ne5 Nfd7 12. f4 Nxe5 13. fxe5 Nc6 14. Be3 Rc8
15. Rc1 Ba3 16. Rb1 Nxe5 17. Nxd5 Ng4 18. Bf3 h5 19. h3 Nxe3 20. Nxe3 Qg5 21.
Ng2 Bd6 22. g4 hxg4 23. Bxg4 f5 24. Bf3 Qg3 25. b4 Rc3 0-1

[Event "SR 1. liga zapad 2011/2012"]
[Site "?"]
[Date "2011.12.10"]
[Round "5.1"]
[White "Janko, Michal"]
[Black "Kaniansky, Miroslav"]
[Result "1-0"]
[WhiteElo "2271"]
[BlackElo "2199"]
[PlyCount "79"]
[EventDate "2011.??.??"]

1. d4 d5 2. c4 c6 3. Nc3 Nf6 4. Nf3 dxc4 5. e4 b5 6. e5 Nd5 7. Ng5 h6 8. Nge4
Bf5 9. Ng3 Nxc3 10. bxc3 Be6 11. f4 Bd5 12. f5 e6 13. Be2 Bxg2 14. Rg1 Bd5 15.
a4 exf5 16. Nxf5 g6 17. Ne3 b4 18. Nxd5 cxd5 19. e6 Qh4+ 20. Kf1 Qh3+ 21. Rg2
Nc6 22. exf7+ Kxf7 23. Bg4 Qxc3 24. Rf2+ Kg7 25. Be6 Nd8 26. Bxd5 Rc8 27. Bf4
Kh7 28. Rc1 Qh3+ 29. Kg1 c3 30. Qe2 Qd7 31. Qe4 Bg7 32. Rg2 Qf5 33. Qxf5 Bxd4+
34. Kh1 gxf5 35. Re1 Bf6 36. Reg1 Rc5 37. Rg6 Bg5 38. Bxg5 Rxd5 39. Bf6 Ne6 40.
Rg7+ 1-0

[Event "SR 1. liga zapad 2011/2012"]
[Site "?"]
[Date "2011.12.10"]
[Round "5.1"]
[White "Pinter, Patrik"]
[Black "Garban, Mario"]
[Result "1-0"]
[WhiteElo "2185"]
[BlackElo "1994"]
[PlyCount "57"]
[EventDate "2011.??.??"]

1. e4 e5 2. Nf3 Nc6 3. Bb5 Bc5 4. O-O Nd4 5. Nxd4 Bxd4 6. c3 Bb6 7. d4 Qe7 8.
Na3 c6 9. Ba4 d6 10. Nc4 Bc7 11. Ne3 Bd7 12. d5 Qf6 13. dxc6 bxc6 14. Nc4 Rd8
15. f4 Qe7 16. Qe1 Nf6 17. fxe5 dxe5 18. Kh1 h6 19. Ne3 O-O 20. Nf5 Bxf5 21.
Rxf5 Qd6 22. Bc2 Kh7 23. Be3 Bb6 24. Rd1 Qe7 25. Bc1 g6 26. Rf1 Rxd1 27. Bxd1
Kg7 28. Qh4 Ng8 29. Bxh6+ 1-0

[Event "SR 1. liga zapad 2011/2012"]
[Site "?"]
[Date "2011.12.10"]
[Round "5.2"]
[White "Bagi, Mate"]
[Black "Kalisky, Vladimir"]
[Result "1/2-1/2"]
[WhiteElo "2309"]
[BlackElo "2234"]
[PlyCount "144"]
[EventDate "2011.??.??"]

1. e4 c5 2. Nf3 Nc6 3. d4 cxd4 4. Nxd4 Nf6 5. Nc3 g6 6. Nxc6 bxc6 7. e5 Nh5 8.
Bc4 Ng7 9. O-O Qc7 10. Re1 Ne6 11. Be3 Bg7 12. f4 O-O 13. Ne4 Rb8 14. Bb3 Rb4
15. c4 d6 16. exd6 exd6 17. Qxd6 Qxd6 18. Nxd6 Bxb2 19. Rad1 Bc3 20. Rf1 c5 21.
Nb5 Bd4 22. Bxd4 Nxd4 23. Nxd4 cxd4 24. Rxd4 Be6 25. Rf3 Rfb8 26. Rc3 a5 27. h3
h5 28. Kh2 Kg7 29. Kg3 a4 30. Bd1 Kf8 31. Rd2 Rc8 32. c5 h4+ 33. Kxh4 Rxf4+ 34.
Kg3 Rc4 35. Rxc4 Bxc4 36. Bxa4 Rxc5 37. Bd1 Ra5 38. a4 Be6 39. Rd4 Ke7 40. h4
Kf6 41. Rb4 Bd7 42. Kf2 Ke7 43. g4 Bc6 44. Rd4 f5 45. g5 Rc5 46. Be2 Ra5 47.
Bd1 Rc5 48. Ke3 Ke6 49. h5 gxh5 50. g6 Kf6 51. Rd6+ Kg7 52. Kd4 Rc1 53. Bxh5
Bxa4 54. Ra6 Bd1 55. Ra7+ Kg8 56. Bxd1 Rxd1+ 57. Ke5 f4 58. Kf6 Rd8 59. Rg7+
Kh8 60. Rh7+ Kg8 61. Rg7+ Kh8 62. Rf7 Kg8 63. Kg5 Rd1 64. Rxf4 Kg7 65. Rf7+ Kg8
66. Ra7 Rg1+ 67. Kf6 Rf1+ 68. Ke5 Re1+ 69. Kf4 Rf1+ 70. Ke3 Rg1 71. g7 Rxg7 72.
Rxg7+ Kxg7 1/2-1/2

[Event "SR 1. liga zapad 2011/2012"]
[Site "?"]
[Date "2011.12.10"]
[Round "5.2"]
[White "Baranek, Jozef"]
[Black "Zahorsky, Robert"]
[Result "1-0"]
[WhiteElo "2152"]
[BlackElo "1996"]
[PlyCount "117"]
[EventDate "2011.??.??"]

1. d4 d5 2. Nf3 Nf6 3. h3 h6 4. c4 c6 5. Nc3 Bf5 6. Qb3 Qb6 7. Qxb6 axb6 8.
cxd5 Nxd5 9. Nxd5 cxd5 10. e3 f6 11. Bd2 e6 12. Bb5+ Nc6 13. O-O Bd6 14. Rfc1
Kd7 15. Ne1 g5 16. Nd3 Bxd3 17. Bxd3 f5 18. Bb5 h5 19. a3 h4 20. Rc3 g4 21.
Rac1 Rac8 22. Kh1 Rhg8 23. Bf1 Rg7 24. f4 gxf3 25. gxf3 Rcg8 26. f4 Rg1+ 27.
Kh2 Ke8 28. R3c2 Kf7 29. Bc3 R1g3 30. Re2 Ne7 31. Bd2 Nc6 32. Bg2 Be7 33. Rc3
Bf6 34. Be1 R3g7 35. Rd3 Rc8 36. Bf3 Ke7 37. Rg2 Rxg2+ 38. Kxg2 Kd7 39. Rb3 Kc7
40. Kf1 Be7 41. Bh5 Na5 42. Bxa5 bxa5 43. Bf7 Kd6 44. Rb6+ Rc6 45. Rxb7 Bd8 46.
Rb8 Ke7 47. Bh5 Rb6 48. Rxb6 Bxb6 49. Ke2 Bd8 50. Kd3 Kd7 51. Kc3 Be7 52. Kb3
Bd8 53. Ka4 Bc7 54. Kb5 Kd6 55. b4 axb4 56. Kxb4 Kc6 57. Be8+ Kb6 58. Bd7 Bd6+
59. Kb3 1-0

[Event "SR 1. liga zapad 2011/2012"]
[Site "?"]
[Date "2011.12.10"]
[Round "5.2"]
[White "Beres, Dominik"]
[Black "Berza, Stefan"]
[Result "0-1"]
[WhiteElo "2107"]
[BlackElo "2092"]
[PlyCount "90"]
[EventDate "2011.??.??"]

1. e4 c5 2. Nf3 Nc6 3. d4 cxd4 4. Nxd4 g6 5. Nc3 Bg7 6. Be3 Nf6 7. f3 O-O 8.
Qd2 d5 9. O-O-O dxe4 10. Qf2 Nxd4 11. Bxd4 Qa5 12. fxe4 Be6 13. a3 Rac8 14. Bd3
Ng4 15. Qg1 Bxd4 16. Qxd4 Rfd8 17. Nd5 Bxd5 18. exd5 Nf6 19. Bc4 Qc5 20. Bb3
Rxd5 21. Qxc5 Rdxc5 22. Rhe1 R8c7 23. h3 Kg7 24. Rd4 e5 25. Rd2 Re7 26. Rd6 Nh5
27. g4 Nf4 28. h4 e4 29. Kd2 Ng2 30. Rh1 e3+ 31. Ke2 Nf4+ 32. Ke1 e2 33. Rh2 h6
34. Rf2 g5 35. hxg5 hxg5 36. Rh2 b5 37. c3 Re3 38. Bc2 Rce5 39. Rh7+ Kf8 40.
Rh2 Rg3 41. Rh1 Rxg4 42. Kf2 e1=Q+ 43. Rxe1 Nh3+ 44. Kf3 Rf4+ 45. Kg3 Rxe1 0-1

[Event "SR 1. liga zapad 2011/2012"]
[Site "?"]
[Date "2011.12.10"]
[Round "5.2"]
[White "Cibulka, Vladimir"]
[Black "Kukel, Imre 1985"]
[Result "0-1"]
[WhiteElo "2278"]
[BlackElo "2305"]
[PlyCount "98"]
[EventDate "2011.??.??"]

1. e4 c5 2. c3 Nf6 3. e5 Nd5 4. d4 cxd4 5. Qxd4 e6 6. Nf3 Nc6 7. Qe4 f5 8. Qe2
Qc7 9. g3 b5 10. Bg2 Bc5 11. O-O a6 12. Nbd2 O-O 13. a4 bxa4 14. Rxa4 a5 15.
Re1 Ba6 16. Qd1 Qb6 17. Re2 Bxe2 18. Qxe2 Rfb8 19. Ng5 h6 20. Nh3 Qb5 21. Qd1
Nb6 22. Rh4 Be7 23. Rh5 Qxe5 24. Nf3 Qd6 25. Qe2 Nd5 26. Nf4 Nf6 27. Rh3 g5 28.
Rxh6 gxf4 29. Bxf4 Qc5 30. Ng5 Ng4 31. Rg6+ Kf8 32. Bxb8 Bxg5 33. Rxg5 Rxb8 34.
Qxg4 Rxb2 35. Rg8+ Ke7 36. Qg5+ Kd6 37. Qe3 Qxe3 38. fxe3 Rb8 39. Rxb8 Nxb8 40.
Bf1 a4 41. Bc4 Nc6 42. Kf1 Ne5 43. Ba2 Ng4 44. h4 Nxe3+ 45. Ke2 Ng4 46. Kd3 Nf6
47. Kc4 Nh5 48. Kb4 Nxg3 49. Kxa4 Kc5 0-1

[Event "SR 1. liga zapad 2011/2012"]
[Site "?"]
[Date "2011.12.10"]
[Round "5.2"]
[White "Fabian, Jaroslav"]
[Black "Borosova, Zuzana"]
[Result "1/2-1/2"]
[WhiteElo "2192"]
[BlackElo "2284"]
[PlyCount "140"]
[EventDate "2011.??.??"]

1. c4 c5 2. Nc3 Nc6 3. Nf3 g6 4. g3 Bg7 5. Bg2 e5 6. d3 Nge7 7. O-O d6 8. Bd2
O-O 9. Qc1 Re8 10. Re1 Rb8 11. Ne4 f6 12. e3 Nb4 13. Bxb4 cxb4 14. c5 dxc5 15.
Qxc5 Nc6 16. Qd6 f5 17. Qxd8 Rxd8 18. Nc5 b6 19. Nb3 Rxd3 20. Bf1 Rd6 21. Red1
Rxd1 22. Rxd1 Kf8 23. Rd6 Bb7 24. Rd7 Nd8 25. Nfd2 a5 26. Nc4 a4 27. Nbd2 Bc6
28. Rc7 e4 29. b3 axb3 30. Nxb3 Rb7 31. Rxb7 Nxb7 32. Nxb6 Nd6 33. Nc4 Nb5 34.
Nca5 Be8 35. Nc5 Ke7 36. Bc4 Bc3 37. Kf1 Nd6 38. Bb3 Bb5+ 39. Kg2 Nf7 40. Nc4
Ne5 41. Nxe5 Bxe5 42. Na4 Kd6 43. Nb6 Kc5 44. Nd5 Bc6 45. Nf4 Kd6 46. h4 Be8
47. Nd5 Kc5 48. Nf4 h6 49. Nd5 g5 50. hxg5 hxg5 51. Ne7 Bd7 52. Nd5 Bd6 53. Nf6
Bc8 54. Nd5 Be5 55. Ne7 Kd6 56. Ng6 Bf6 57. f4 Bd7 58. fxg5 Bxg5 59. Nf4 Bc6
60. Kf2 Bf6 61. Ke2 Bc3 62. Kf2 Bb5 63. Ne6 Bd3 64. Nf4 Bb5 65. Ne6 Ke5 66. Nf4
Bd2 67. Ne6 Kf6 68. Nf4 Ba6 69. Nd5+ Kg5 70. Nf4 Bc3 1/2-1/2

[Event "SR 1. liga zapad 2011/2012"]
[Site "?"]
[Date "2011.12.10"]
[Round "5.2"]
[White "Janko, Zoltan"]
[Black "Berek, Geza"]
[Result "1-0"]
[WhiteElo "2287"]
[BlackElo "2186"]
[PlyCount "51"]
[EventDate "2011.??.??"]

1. e4 g6 2. d4 Bg7 3. Nc3 d6 4. Be3 a6 5. Nf3 b5 6. Bd3 Nd7 7. e5 Bb7 8. e6
fxe6 9. Ng5 Nf8 10. O-O Nh6 11. Re1 Nf5 12. Nxe6 Nxe6 13. Bxf5 gxf5 14. Qh5+
Kd7 15. Qxf5 Qf8 16. Qh3 b4 17. Bg5 bxc3 18. Rxe6 Kd8 19. Bxe7+ Qxe7 20. Rxe7
Kxe7 21. Re1+ Kd8 22. Qh4+ Kc8 23. Qg4+ Kb8 24. Qxg7 Ka7 25. d5 cxb2 26. Qd4+
1-0

[Event "SR 1. liga zapad 2011/2012"]
[Site "?"]
[Date "2011.12.10"]
[Round "5.2"]
[White "Novotny, Michal"]
[Black "Illes, Ivan"]
[Result "1-0"]
[WhiteElo "1964"]
[BlackElo "1995"]
[PlyCount "63"]
[EventDate "2011.??.??"]

1. e4 e5 2. Nf3 Nc6 3. Bc4 Nf6 4. Nc3 Nxe4 5. O-O Nf6 6. Re1 d5 7. Nxe5 Be6 8.
Bb5 Qd6 9. d4 a6 10. Ba4 Nd7 11. Bf4 Ndxe5 12. Bxe5 Qd7 13. Nxd5 Qxd5 14. Bb3
Qd7 15. d5 Nxe5 16. dxe6 Qxd1 17. exf7+ Ke7 18. Raxd1 Kf6 19. Rd4 Bd6 20. Rf4+
Kg5 21. Rfe4 Rad8 22. f4+ Kf5 23. fxe5 Bc5+ 24. Kh1 Bf2 25. g4+ Kg6 26. Rf1 Bh4
27. g5 Bxg5 28. Rg1 Kf5 29. Re2 g6 30. Rf1+ Kg4 31. Rg2+ Kh5 32. Rxg5+ 1-0

[Event "SR 1. liga zapad 2011/2012"]
[Site "?"]
[Date "2011.12.10"]
[Round "5.2"]
[White "Szegi, Tamas"]
[Black "Siroky, Jan"]
[Result "1/2-1/2"]
[WhiteElo "2246"]
[BlackElo "2166"]
[PlyCount "37"]
[EventDate "2011.??.??"]

1. e4 e6 2. d4 d5 3. Nd2 c5 4. exd5 Qxd5 5. Ngf3 cxd4 6. Bc4 Qd8 7. O-O a6 8.
a4 Nc6 9. Nb3 Qc7 10. Qe2 Bd6 11. h3 Nge7 12. Nbxd4 h6 13. c3 Bd7 14. Be3 Ne5
15. Nxe5 Bxe5 16. Nf3 Bf6 17. Bd4 Bxd4 18. Nxd4 O-O 19. Bd3 1/2-1/2

[Event "SR 1. liga zapad 2011/2012"]
[Site "?"]
[Date "2011.12.10"]
[Round "5.3"]
[White "Bury, Rastislav"]
[Black "Miklas, Marian"]
[Result "1/2-1/2"]
[WhiteElo "2173"]
[BlackElo "2143"]
[PlyCount "90"]
[EventDate "2011.??.??"]

1. Nf3 g6 2. g3 Bg7 3. Bg2 c5 4. c4 Nc6 5. O-O e5 6. Nc3 Nge7 7. d3 O-O 8. Be3
d6 9. Nd2 Nf5 10. Nd5 Be6 11. Ne4 Bxd5 12. cxd5 Nxe3 13. fxe3 Ne7 14. Qb3 Rb8
15. g4 h6 16. Bh3 Kh8 17. Kh1 f5 18. gxf5 gxf5 19. Ng3 f4 20. Nh5 Nf5 21. Bxf5
Rxf5 22. Nxg7 Kxg7 23. Qa4 Qe7 24. Qxa7 Rbf8 25. Qa4 fxe3 26. Rxf5 Rxf5 27.
Rg1+ Rg5 28. Rf1 h5 29. Qe4 Rg4 30. Qxe3 Qg5 31. Qxg5+ Rxg5 32. h4 Rg4 33. Rg1
Rxg1+ 34. Kxg1 b5 35. a3 Kf6 36. e4 Ke7 37. Kf2 Kd7 38. b4 cxb4 39. axb4 Ke7
40. Ke3 Kf7 41. d4 Ke7 42. Kd3 Kd7 43. Kc3 Kc7 44. dxe5 dxe5 45. d6+ Kxd6
1/2-1/2

[Event "SR 1. liga zapad 2011/2012"]
[Site "?"]
[Date "2011.12.10"]
[Round "5.3"]
[White "Drtina, Milan"]
[Black "Gasa, Andrej"]
[Result "0-1"]
[WhiteElo "2247"]
[BlackElo "2257"]
[PlyCount "72"]
[EventDate "2011.??.??"]

1. e4 c5 2. c4 Nc6 3. Ne2 Nf6 4. Nbc3 e6 5. Nf4 Be7 6. d3 O-O 7. g3 d6 8. Bg2
Rb8 9. O-O a6 10. a4 b6 11. Nfe2 Bb7 12. f4 Ne8 13. f5 Bf6 14. g4 Nd4 15. Be3
Bg5 16. Bf2 Nxe2+ 17. Qxe2 Nc7 18. d4 Qe7 19. Qd3 Rfd8 20. d5 e5 21. Qb1 Bc8
22. Qe1 h6 23. Bf3 b5 24. axb5 axb5 25. Ra7 bxc4 26. Qa1 Rd7 27. Be2 Ne8 28.
Rxd7 Qxd7 29. Bxc4 Qb7 30. b3 Bd7 31. h4 Bd2 32. Rd1 Bxc3 33. Qxc3 Bb5 34. Ra1
Nf6 35. Qf3 Bxc4 36. bxc4 Qb3 {time} 0-1

[Event "SR 1. liga zapad 2011/2012"]
[Site "?"]
[Date "2011.12.10"]
[Round "5.3"]
[White "Felcir, Jaroslav"]
[Black "Polasek, Filip"]
[Result "0-1"]
[WhiteElo "2193"]
[BlackElo "2123"]
[PlyCount "76"]
[EventDate "2011.??.??"]

1. e4 e5 2. Nf3 Nc6 3. Bc4 Bc5 4. c3 Nf6 5. d3 O-O 6. b4 Be7 7. Qb3 d6 8. h3 a5
9. Ng5 Qe8 10. b5 Nd8 11. a4 b6 12. O-O h6 13. Nf3 Ne6 14. Kh2 Nc5 15. Qc2 Bb7
16. Re1 c6 17. Nbd2 d5 18. bxc6 Bxc6 19. exd5 Bxa4 20. Qa2 b5 21. Ba3 bxc4 22.
Bxc5 Bxc5 23. Qxa4 Qxa4 24. Rxa4 cxd3 25. c4 Bb4 26. Re3 Rfe8 27. Nb3 e4 28.
Nfd2 Reb8 29. f3 Bd6+ 30. g3 exf3 31. Rxf3 Rb4 32. Rxb4 Bxb4 33. Rxd3 a4 34.
Nd4 a3 35. N2b3 a2 36. Nc2 Bd6 37. c5 Bxc5 38. Nxc5 Rc8 {time} 0-1

[Event "SR 1. liga zapad 2011/2012"]
[Site "?"]
[Date "2011.12.10"]
[Round "5.3"]
[White "Liptak, Dusan"]
[Black "Diviak, Rastislav"]
[Result "0-1"]
[WhiteElo "2075"]
[BlackElo "2020"]
[PlyCount "130"]
[EventDate "2011.??.??"]

1. d4 d5 2. c4 e6 3. Nc3 c6 4. e3 Nf6 5. Nf3 Nbd7 6. Bd3 dxc4 7. Bxc4 b5 8. Bd3
a6 9. e4 c5 10. e5 cxd4 11. Ne4 Nxe4 12. Bxe4 Rb8 13. O-O Bc5 14. Bf4 Qb6 15.
Ng5 Bb7 16. Bb1 g6 17. Qg4 Be7 18. h4 Nc5 19. h5 d3 20. Re1 Rd8 21. b4 d2 22.
Rd1 Nd3 23. Be3 Qc6 24. Bxd3 Rxd3 25. Rxd2 Qc3 26. Rxd3 Qxa1+ 27. Rd1 Qxa2 28.
Nxf7 Kxf7 29. Rd7 Qa1+ 30. Kh2 Qxe5+ 31. Bf4 Qxh5+ 32. Qxh5 gxh5 33. Bd6 Re8
34. Rxb7 Kf6 35. Bxe7+ Rxe7 36. Rb6 Rc7 37. Rxa6 Rc4 38. Ra7 Rxb4 39. Rxh7 h4
40. Rh5 e5 41. g3 hxg3+ 42. Kxg3 Rd4 43. Rh6+ Kf5 44. Kf3 b4 45. Ke3 Rd1 46.
Rb6 Rb1 47. Kd3 Rb2 48. f3 b3 49. Rb4 Rb1 50. Kc3 b2 51. Kc2 Rf1 52. Kxb2 Rxf3
53. Kc2 Rf4 54. Rb8 Rd4 55. Rf8+ Ke4 56. Re8 Kf4 57. Kc3 Rd7 58. Re6 e4 59. Re8
Kf3 60. Rf8+ Ke2 61. Re8 e3 62. Re6 Kf2 63. Rf6+ Ke1 64. Kc2 e2 65. Re6 Rc7+
0-1